[Event "IECC M-5209"]
[Site "IECC email"]
[Date "2005.03.07"]
[Round "?"]
[White "Kinna, Michael"]
[Black "Miskell, Steven"]
[Result "1-0"]
[WhiteElo "1201"]
[BlackElo "1091"]
[PlyCount "55"]
[EventDate "2005.??.??"]
[EventType "tourn (corr)"]
[EventRounds "10"]
[SourceTitle "Corr 2020"]
[Source "ChessBase"]
[SourceDate "2019.09.30"]
[SourceVersion "1"]
[SourceVersionDate "2019.09.30"]
[SourceQuality "1"]
[WhiteTeam "Australia"]
[BlackTeam "United States"]
[WhiteTeamCountry "AUS"]
[BlackTeamCountry "USA"]

1. e4 e5 2. Nf3 Nc6 3. Bc4 Bc5 4. d3 Nf6 5. Nc3 d6 6. 0-0 h6 7. h3 Qe7 8. Nd5 Nxd5 9. Bxd5 Nd4 10. c3 Nxf3+ 11. Qxf3 c6 12. Bb3 Be6 13. Bxe6 Qxe6 14. a3 a5 15. Qg3 0-0 16. Re1 Qf6 17. Be3 Bxe3 18. Rxe3 b5 19. c4 b4 20. a4 c5 21. b3 Kh8 22. Rf1 Qf4 23. Qxf4 exf4 24. Rf3 g5 25. g3 Rg8 26. Kh2 fxg3+ 27. fxg3 Raf8 28. Rxf7 1-0

[Event "IECC M-4989"]
[Site "IECC email"]
[Date "2004.03.26"]
[Round "?"]
[White "Miskell, Steven"]
[Black "Revet, Leonard"]
[Result "0-1"]
[WhiteElo "1112"]
[BlackElo "1021"]
[PlyCount "89"]
[EventDate "2004.??.??"]
[EventType "tourn (corr)"]
[EventRounds "10"]
[SourceTitle "Corr 2020"]
[Source "ChessBase"]
[SourceDate "2019.09.30"]
[SourceVersion "1"]
[SourceVersionDate "2019.09.30"]
[SourceQuality "1"]
[WhiteTeam "United States"]
[BlackTeam "United States"]
[WhiteTeamCountry "USA"]
[BlackTeamCountry "USA"]

1. e4 c5 2. Nf3 Nc6 3. Nc3 Nf6 4. d4 e6 5. e5 Nd5 6. Bd3 cxd4 7. Ne4 Ndb4 8. Be2 d5 9. Nd6+ Bxd6 10. exd6 Qxd6 11. a3 Ne5 12. Nxd4 Nbc6 13. Bf4 0-0 14. 0-0 Qc5 15. Nb3 Qe7 16. Be3 b6 17. Nd4 Bb7 18. b4 Nc4 19. Bxc4 dxc4 20. Nxc6 Bxc6 21. Qg4 Qf6 22. Bd4 Qg6 23. Qxg6 hxg6 24. c3 b5 25. Rad1 a5 26. Bc5 Rfb8 27. Ra1 a4 28. Bd6 Rd8 29. Rad1 Rd7 30. Rd2 f6 31. Rfd1 Kf7 32. Bf4 Ke8 33. Bd6 g5 34. Bc5 e5 35. Rxd7 Bxd7 36. Re1 Kf7 37. g3 Bc6 38. h4 Kg6 39. hxg5 Kxg5 40. Be3+ Kg4 41. Kf1 Kf3 42. Rd1 Rh8 43. Ke1 Be4 44. Rd7 Rh1+ 45. Kd2 0-1

[Event "IECC M-4989"]
[Site "IECC email"]
[Date "2004.03.26"]
[Round "?"]
[White "Revet, Leonard"]
[Black "Miskell, Steven"]
[Result "1-0"]
[WhiteElo "1000"]
[BlackElo "1133"]
[PlyCount "73"]
[EventDate "2004.??.??"]
[EventType "tourn (corr)"]
[EventRounds "10"]
[SourceTitle "Corr 2020"]
[Source "ChessBase"]
[SourceDate "2019.09.30"]
[SourceVersion "1"]
[SourceVersionDate "2019.09.30"]
[SourceQuality "1"]
[WhiteTeam "United States"]
[BlackTeam "United States"]
[WhiteTeamCountry "USA"]
[BlackTeamCountry "USA"]

1. d4 d5 2. c4 Nf6 3. Nf3 Nc6 4. e3 Bf5 5. Nc3 e6 6. Ne5 Nxe5 7. dxe5 Ne4 8. Qe2 d4 9. Qd3 dxc3 10. bxc3 Qxd3 11. Bxd3 Nxc3 12. Bxf5 exf5 13. f3 0-0-0 14. 0-0 Ne2+ 15. Kh1 Nxc1 16. Raxc1 Bc5 17. e4 fxe4 18. fxe4 Rdf8 19. Rcd1 Rd8 20. Rd5 Rxd5 21. exd5 Rf8 22. g3 a6 23. Kg2 f6 24. e6 g5 25. Kf3 f5 26. Kg2 f4 27. gxf4 gxf4 28. Kf3 Kd8 29. Re1 Bb4 30. Rb1 Bc5 31. Rxb7 Kc8 32. Rb3 Kd8 33. Rb7 Bb6 34. d6 Kc8 35. Rb8+ Kxb8 36. e7 Re8 37. d7 1-0

[Event "IECC M-4886"]
[Site "IECC email"]
[Date "2003.12.03"]
[Round "?"]
[White "Miskell, Steven"]
[Black "Caudill, Tommy A"]
[Result "0-1"]
[WhiteElo "1116"]
[BlackElo "1170"]
[PlyCount "84"]
[EventDate "2003.??.??"]
[EventType "tourn (corr)"]
[EventRounds "10"]
[SourceTitle "Corr 2020"]
[Source "ChessBase"]
[SourceDate "2019.09.30"]
[SourceVersion "1"]
[SourceVersionDate "2019.09.30"]
[SourceQuality "1"]
[WhiteTeam "United States"]
[BlackTeam "United States"]
[WhiteTeamCountry "USA"]
[BlackTeamCountry "USA"]

1. e4 c6 2. d4 d5 3. e5 Bf5 4. Nf3 e6 5. Be2 Nd7 6. Be3 Bb4+ 7. Bd2 Ba5 8. b4 Bb6 9. a4 f6 10. a5 Bc7 11. Bc3 Qb8 12. Bd3 fxe5 13. Bxf5 exf5 14. dxe5 Nxe5 15. Qe2 Ne7 16. Bxe5 Bxe5 17. Nxe5 Qd6 18. c3 0-0 19. 0-0 Rae8 20. Nc4 dxc4 21. Qxc4+ Nd5 22. Nd2 Kh8 23. Nf3 Re4 24. Qd3 Qc7 25. Ng5 Ree8 26. Rae1 Nf4 27. Rxe8 Rxe8 28. Qd1 h6 29. Nf3 Ne2+ 30. Kh1 Nxc3 31. Qc2 Ne4 32. Re1 b5 33. Nd4 Ng3+ 34. hxg3 Rxe1+ 35. Kh2 Qf7 36. Qxf5 Qxf5 37. Nxf5 Rb1 38. Nd4 Rc1 39. f4 Rc4 40. Ne6 Rxb4 41. a6 Rb1 42. g4 b4 0-1

[Event "IECC M email"]
[Site "IECC email"]
[Date "2001.02.10"]
[Round "?"]
[White "Miskell, Steven"]
[Black "Brizuela, Hernan"]
[Result "1-0"]
[WhiteElo "1117"]
[BlackElo "1150"]
[PlyCount "29"]
[EventDate "2001.??.??"]
[EventType "tourn (corr)"]
[EventRounds "6"]
[SourceTitle "Corr 2008"]
[Source "ChessBase"]
[SourceDate "2008.06.24"]
[SourceVersion "1"]
[SourceVersionDate "2008.06.24"]
[SourceQuality "1"]

1. d4 c6 2. c4 d5 3. Nd2 Bf5 4. Ngf3 Nd7 5. e3 Ngf6 6. c5 Qa5 7. Be2 b6 8. 0-0 bxc5 9. Ne5 cxd4 10. Nxc6 Qc7 11. Nxd4 e6 12. Nb5 Qe5 13. Nf3 Qb8 14. Nfd4 Bd6 15. Nxf5 1-0